000 00729cam a22002293a 4500
999 _c155666
_d155666
005 20190222131906.0
010 _aB-701243-244
020 _a9789352750931
_c199.00
035 _aB-701243-244
037 _bDBAD
082 _aS
100 _aK.Krishna
245 _aNo touch /
_cby K.Krishna illustrated by Ayeshe Sadr & Ishaan Dasgupta
260 _aGurgaon
_bScholastic Inc.
_c2017
270 _aA-27, Ground Floor, Sigma Centre, Infocity, Sector-34
_bGurgaon
_e122001
300 _au.p.
_c24cm. (hb)
_billus.
490 _aThe watch out!
700 _aSadr, Ayeshe
700 _aDasgupta, Ishaan
942 _2ddc
_cCH
_hS
_mKRI